| 000 | 04274cam a2200553 i 4500 | ||
|---|---|---|---|
| 001 | 200468159 | ||
| 003 | TR-AnTOB | ||
| 005 | 20260416162031.0 | ||
| 007 | ta | ||
| 008 | 260416t19801980nyu b 001 0 eng | ||
| 010 | _a 77076721 | ||
| 016 | 7 |
_a011995848 _2Uk |
|
| 020 | _a080086638X | ||
| 020 | _a9780800866389 | ||
| 020 |
_a0800866398 _q(paperback) |
||
| 020 |
_a9780800866396 _q(paperback) |
||
| 035 | _a(CU-Riv)991028896809704706-01cdl_riv_inst | ||
| 035 | _a991028896809704706 | ||
| 035 | _a(CU-Riv)b17882199-01cdl_riv_inst | ||
| 035 | _a(CU-S)b16697790-01ucs_sdi | ||
| 035 |
_a(OCoLC)04499817 _z(OCoLC)6353536 _z(OCoLC)26392399 _z(OCoLC)1019885645 _z(OCoLC)1065301465 _z(OCoLC)1083381814 _z(OCoLC)1089247409 _z(OCoLC)1277095465 |
||
| 035 | _a(OCoLC)ocm04499817 | ||
| 035 | _a(EXLNZ-01UCS_NETWORK)9914363421006531 | ||
| 035 | _a(TR-AnTOB)200468159 | ||
| 040 |
_aDLC _beng _erda _cDLC _dBTCTA _dYDXCP _dDEBBG _dCOA _dUKMGB _dGBVCP _dOCLCQ _dOCLCO _dOCLCF _dCHVBK _dOCLCQ _dWLU _dJDP _dOCLCO _dEUQ _dOCLCQ _dOCLCA _dOCLCQ _dOCLCA _dOCLCO _dOCLCL _dOCLCQ _dNBMAB _dOCLCL _dTR-AnTOB |
||
| 041 | 0 | _aeng | |
| 043 | _an-us--- | ||
| 050 | 0 | 0 |
_aPS3503.R167 _bZ85 1980 |
| 090 |
_aPS3503.R167 _bZ85 1980 |
||
| 245 | 0 | 0 |
_aRay Bradbury / _cedited by Martin Harry Greenberg and Joseph D. Olander. |
| 250 | _aFirst edition. | ||
| 264 | 1 |
_aNew York : _bTaplinger Publishing Co., _c1980. |
|
| 264 | 4 | _c©1980 | |
| 300 |
_a248 pages ; _c22 cm |
||
| 336 |
_atext _btxt _2rdacontent |
||
| 337 |
_aunmediated _bn _2rdamedia |
||
| 338 |
_avolume _bnc _2rdacarrier |
||
| 490 | 0 | _aWriters of the 21st century | |
| 504 | _aBIBINDX | ||
| 505 | 0 | _aMcNelly, W.E. and Stupple, A.J. Two views. -- Wolfe, G.K. The frontier myth in Ray Bradbury. -- Gallagher, E.J. The thematic structure of The Martian chronicles. -- Mengeling, M.E. The machineries of joy and despair. -- Rabkin, E.S. To Fairyland by rocket. -- Diskin, L. Bradbury on children. -- Dimeo, S. Man and Apollo. -- Pierce, H. Ray Bradbury and the Gothic tradition. -- Pell, S.W.J. Style is the man. -- Watt, D. Burning bright. | |
| 520 | _aThe beautifully crafted emotion-laden stories of Ray Bradbury have touched the hearts and minds of millions of people all over the world. The Martian Chronicles (often taken as a novel but actually twenty- six linked stories characterized by a strong structural unity) are among the most widely read and admired science fiction stories of all time. His classic novel Fahrenheit 451, which Donald Watt in this book calls "the only major symbolic dystopia of our time,' is a brilliant treatment of totaliratianism and those who struggle against it. Despite - or perhaps because of - the surface simplicity of his major works, Ray Bradbury has seldom been studied. This book attempts to place Bradbury has seldom been studied. This book attempts to place Bradbury in perspective both as a writer and in terms of his place in the history of science fiction. The latter point is an important one because Bradbury is not considered a "science fiction writer" by many of his contemporaries and critics. More often than not, he has been misunderstood, especially in regard to his attitudes toward science and "progress." The controversy surrounding Ray Bradbury cannot obscure his success as a writer, however. His books have sold millions of copies in paper back and have remained in print for decades. The expert contributors to this volume consider the charge that Bradbury is really an anti-scientific writer, fearful of technology and its effects. A number of themes are threatened in depth- Bradbury's attitudes towards science and technology, his alleged enchantment with the past, his poetic use of imaginary, and religious symbolism in his work. In addition, Edward J. Gallagher analyses he thematic structure of The Martain Chronicles, Gary K. Wolfe probes the importance of the frontier myth in Bradbury and the Gothic tradition-Publisher | ||
| 600 | 1 | 0 |
_aBradbury, Ray, _d1920-2012 _xCriticism and interpretation _923710 |
| 650 | 0 |
_aScience fiction, American _xHistory and criticism _993801 |
|
| 700 | 1 |
_aGreenberg, Martin Harry _eeditor _4edt _9153742 |
|
| 700 | 1 |
_aOlander, Joseph D. _eeditor _4edt _9153743 |
|
| 942 |
_2lcc _cBK |
||
| 999 |
_c200468159 _d86371 |
||